| 000 | 01024nam a2200229 u 4500 | ||
|---|---|---|---|
| 001 | 000824509 | ||
| 003 | AM-YeHGA | ||
| 005 | 20250617144623.0 | ||
| 008 | 110722s1984 ru r 000 0 rus d | ||
| 040 | _aAM-YeHGA | ||
| 041 | 0 | _arus | |
| 245 | 0 | 0 |
_aАвтоматизированное проектирование следящих приводов и их элементов / _c[В. Ф. Казмиренко, М. В. Баранов, Ю. В. Илюхин и др.]; Под ред. В. Ф. Казмиренко. |
| 260 |
_aМосква : _bЭнергоатомиздат, _c1984. |
||
| 300 |
_a240 с. : _bил. |
||
| 500 | _aАвт. указаны на обороте тит. л. | ||
| 504 | _aБиблиогр.: с. 237-238 | ||
| 653 | 0 | _aСледящие приводы - Проектирование - Математические методы | |
| 700 | 1 | _aКазмиренко, Вячеслав Федорович | |
| 700 | 1 | _aБаранов, М. В. | |
| 700 | 1 | _aИлюхин, Ю.В. | |
| 090 | _c299258 | ||
| 999 |
_c297564 _d297564 |
||